ბათუმის შოთა რუსთაველის სახელმწიფო უნივერსიტეტის ბიბლიოთეკა

ოქსიდაციური და იმუნური ფაქტორების როლი პრეკლამფსიის პათოგენეზში / (ბიბ.ჩანაწერი № 51754)

000 -ლიდერი
ფიქსირებული სიგრძის საკონტროლო ველი 01508nam a2200253Ia 4500
001 - საკონტროლო ნომერი
საკონტროლო ველი 18746
003 - საკონტროლო ნომრის იდენტიფიკატორი
საკონტროლო ველი GE_BSU
005 - ბოლო ოპერაციის თარიღი და დრო
საკონტროლო ველი 20210415132919.0
008 - ფიქსირებული სიგრძის მონაცემთა ელემენტები - ზოგადი ინფორმაცია
ფიქსირებული სიგრძის საკონტროლო ველი 181216s2014||||ge |||||||||||||| ||geo||
040 ## - კატალოგიზაციის წყარო
Transcribing agency GE_BSU
041 ## - ენის კოდი
Language code of text/sound track or separate title გეო
080 ## - უნივერსალური ათობითი კლასიფიკაციის ინდექსი
Universal Decimal Classification number 61 თ-75
100 ## - მთავარი ჩანაწერი - პიროვნების სახელი
Personal name თორთლაძე, მაგდა
9 (RLIN) 11392
245 ## - ცნობა სათაურის შესახებ
Title ოქსიდაციური და იმუნური ფაქტორების როლი პრეკლამფსიის პათოგენეზში /
Statement of responsibility, etc მაგდა თორთლაძე; მეცნ. ხელმძღვ. ნ. კინტრაია, თ. სანიკიძე; თბილისის სახელმწიფო სამედიცინო უნ-ტი.
264 ## - წარმოების, გამოცემის, დისტრიბუციის და სხვა ცნობები
გამოცემის, წარმოების, დისტრიბუციის... ადგილი თბილისი,
გამოცემის, წარმოების, დისტრიბუციის... თარიღი 2014.
300 ## - ფიზიკური აღწერა
Extent 216 გვ.;
Other physical details 30 სმ.
653 ## - INDEX TERM--UNCONTROLLED
Uncontrolled term დისერტაცია
653 ## - INDEX TERM--UNCONTROLLED
Uncontrolled term მედიცინა
653 ## - INDEX TERM--UNCONTROLLED
Uncontrolled term ოქსიდაციური და იმუნური ფაქტორების როლი პრეკლამფსიის პათოგენეზში.
700 ## - ADDED ENTRY--PERSONAL NAME
Personal name კინტრაია, ნ.
Relator term სამეცნიერო ხელმძღვანელი
9 (RLIN) 11393
700 ## - ADDED ENTRY--PERSONAL NAME
Personal name სანიკიძე, თ.
Relator term სამეცნიერო ხელმძღვანელი
9 (RLIN) 11394
710 ## - ADDED ENTRY--CORPORATE NAME
Corporate name or jurisdiction name as entry element თბილისის სახ-ლო სამედიცინო უნ-ტი
9 (RLIN) 10087
942 ## - ADDED ENTRY ELEMENTS (KOHA)
Koha item type წიგნი
Source of classification or shelving scheme
ეგზემპლარები
ჩამოწერის სტატუსი დაკარგული ეგზემპლარის სტატუსი კლასიფიკაციის წყარო ან თაროზე გაწყობის სქემა დაზიანების სტატუსი არ გაიცემა მუდმივი მდებარეობა (დაცვის ადგილი) ამჟამინდელი ადგილსამყოფელი თაროზე განთავსების ადგილი შეძენის თარიღი სრული შენახვის შიფრი შტრიხკოდი ბოლო ოპერაციის თარიღი ეგზემპლარის მიმდევრობითი ნომერი (კეტერი?) ფასის ძალაში შესვლის თარიღი ეგზემპლარის სახეობა
          ბათუმის შოთა რუსთაველის სახელმწიფო უნივერსიტეტის მთავარი ბიბლიოთეკა ბათუმის შოთა რუსთაველის სახელმწიფო უნივერსიტეტის მთავარი ბიბლიოთეკა წიგნსაცავი 2018-12-17 61 თ-75 184 დისერტ. 2018-12-17 184 2018-12-17 დისერტაცია